| 000 | 00525nam a2200217Ia 4500 | ||
|---|---|---|---|
| 003 | OSt | ||
| 005 | 20140314142931.0 | ||
| 008 | 140130s9999 xx 000 0 und d | ||
| 020 | _a0590465147 | ||
| 050 |
_aPZ 8 _b.G537Gi 1992 |
||
| 100 | _aGoble, Paul | ||
| 245 |
_aThe Girl Who loved wild horses / _cPaul Goble. |
||
| 260 |
_bScholastic, _c1992. _aNew York : |
||
| 300 |
_a30 p. : _bcol. ill. ; _c26 cm. |
||
| 440 | _v1 | ||
| 521 | _aG4 | ||
| 526 | _c670 | ||
| 942 |
_cBK _2lcc |
||
| 999 |
_c40935 _d40935 |
||